000
00334 a2200145 4500
001
180982
020
_a
040
_c
Magnum
100
_a
Pinto, Neiva Ferreira
240
1
0
_a
Cultura classica em debate v.6
_l
por
245
1
0
_a
Cultura classica em debate v.6
362
0
_a
1899
697
_a
MAGNITO: HISTORIA GERAL
942
_c
BK
999
_c
180982
_d
180982